000 00419cam a22001097a 4500
008 180718b1989 xxu||||| |||| 00| 0 eng d
082 _aT204x54 In2/12/1
245 _aReport on computer and peripherals
_cby Ministry of Industry, Bureau of Industrial Costs and Prices, India
260 _aNew Delhi
_bLok Nayak Bhavan
_c1989
300 _a152+p.
700 _aIndia.Bureau of Industrial Costs and Prices. Ministry of Industry
999 _c497348
_d497348